1887 1936 1810 1068 1035 1846 1035 1554 1622 1679 1758 1382 1380 1898 1135 1698 1211 1250 1955 1408 1741 1280 1687 1014 1191 1172 1991 1212 1156 1693 1676 1314 1024 1908 1884 1970 1571 1401 1083 1565 1110 1222 1292 1472 1546 1742 1556 1108 1621 1559 1333 1129 1778 1161 1947 1134 1464 1157 1793 1206 1795 1560 1003 1931 1686 1130 1018 1923 1792 1657 1810 1795 1148 1031 1582 1279 1184 1727 1507 1814 1146 1211 1205 1962 1217 1734 1409 1301 1481 1498 1569 1439 1616 1943 1823 1315 1701 1134 1660 BCNSPRNW ULIB Ver.6.0+V

เปลี่ยนเป็นภาษาไทย

Change to English
 แสดงรายละเอียดบรรณานุกรม
  กลับหน้าหลัก

Brief Record : Get Marc (ISO 2709) : E-mail record : QR code < ปิดหน้าต่าง
LEADER : 00000nam 2200000uu 4500
001    13399112789
003     ULIB
008    110908s2542||||th 000 0 tha d
020    9742687919
050  4 LB1555^bว549อ 2542
245 00 การสังเคราะห์งานวิจัยเกี่ยวกับการเรียนการสอนภาษาอังกฤษระดับประถมศึกษา :^bโครงการการศึกษาวิธีการเรียนและวิธีการสอนที่ส่งผลต่อกระบวนการเรียนที่ยั่งยืนของเด็กไทย /^cกองวิจัยทางการศึกษา กรมวิชาการ
246 30 โครงการการศึกษาวิธีการเรียนและวิธีการสอนที่ส่งผลต่อกระบวนการเรียนรู้ที่ยั่งยืนของเด็กไทย
250    พิมพ์ครั้งที่ 1
260    กรุงเทพฯ :^bกรม,^c2542
300    117 หน้า ;^c26 ซม.
440  0 เอกสารรายงานวิจัยทางการศึกษา ;^vอันดับที่ 244/2542
650  4 ภาษาอังกฤษ^xการศึกษาและการสอน (ประถมศึกษา)
650  4 วิจัย
650  4 โครงการการศึกษาวิธีการเรียนและวิธีการสอนที่ส่งผลต่อกระบวนการเรียนรู้ที่ยั่งยืนของเด็กไทย
710 2  กรมวิชาการ. ^bกองวิจัยทางการศึกษา
945    ^p0^l0^i012056
945    ^p0^l0^i012056
995    ทศพร
999 ^a ทศพร
รายการนี้ยังไม่มีแท็ก
คุณยังไม่ได้ล็อกอิน คุณสามารถมีกิจกรรมร่วมกับเว็บไซต์ได้ แต่ต้องล็อกอินก่อน ::
  ล็อกอิน

รายการสื่อสารสนเทศ

ลำดับที่ ประเภท เลขเรียก/บาร์โค้ด สถานที่ สถานะ
- ไม่พบข้อมูล -

รายการใกล้เคียง
    หัวเรื่อง [วิจัย]

BibComment


ยังไม่เคยถูกคอมเมนท์

คอมเมนท์ทรัพยากรรายการนี้
  คอมเมนท์: การสังเคราะห์งานว..


 Copyright 2026. Bcnsprnw @Library